Responses for show #5412 - Tuesday, March 4, 2008

Contestants

Jeanne-Marie Baron, a public relations consultant from Irvington, New York

Joe Lane, a college professor from Emory, Virginia

Robin Woods, a software developer from Aurora, Colorado (whose 1-day cash winnings total $6,100)

Jeopardy! Round responses

LANDMARKS THE SPOT
THE HISTORY OF HOCKEY
"C" BIRDS
COMMON BONDS
THE U.S. SENATE GLOSSARY
(Alex: And these will be terms as defined by that glossary.)
MUSICAL BEFORE & AFTER
    $200 11
Venice

Robin
    $200 6
the National Hockey League

Joe
    $200 1
(Robin: What is a chickadee?)

a canary

RobinJoe
    $200 21
twins

Joe
    $200 20
yea or nay

Jeanne-Marie
    $200 26
(Joe: What is "Baby Blue Suede Shoes"?)

"Little Boy Blue Suede Shoes"

Joe
Triple Stumper
    $400 12
(Alex: In Rome, yes.)

the Colosseum

Joe
    $400 7
(Robin: What is Boston?)

Los Angeles

Robin
Triple Stumper
    $400 2
a cuckoo

Jeanne-Marie
    $400 22
fired

Jeanne-Marie
    $400 19
proxy voting

Joe
    $400 27
"Proud Mary Had A Little Lamb"

Robin
    $600 13
(Jeanne-Marie: What is Rome?)

Florence

JoeJeanne-Marie
    $600 8
(Robin: What is Anaheim?)

Portland

RobinJoe
    $600 3
a crow

Jeanne-Marie
    $600 23
wells

Joe
    $600 18
the cloakroom

Joe
    $600 28
(Robin: What is "Black And White Men Can't Jump"?)

"Black Or White Men Can't Jump"

Robin
Triple Stumper
    $800 14
(Robin: What is Machu Picchu?)

Chichen Itza

Robin
Triple Stumper
    $800 9
the (Montreal) Canadiens

Joe
    $800 4
a condor

Jeanne-Marie
    $800 24
things you steal

Triple Stumper
    $800 17
(Robin: What is relinquish?)

to yield the floor

RobinJoe
    $1000 15
the London Eye

Triple Stumper
    $1000 10
(Joe: What are the red lines?)
...
(Alex: [*]. Yes. There's only one red line, center ice.)

the blue lines

RobinJoe
    $1000 5
a crane

Robin
    $1000 25
things with a Babe

Triple Stumper
    $1,800 16
the Parliamentarian

Joe

Scores at the first commercial break (after clue 15):

Robin Joe Jeanne-Marie
$200 $1,800 $1,200

Scores at the end of the Jeopardy! Round:

Robin Joe Jeanne-Marie
-$800 $6,000 $1,800

Double Jeopardy! Round responses

WELCOME TO CARLSBAD CAVERNS
FROM HERE TO MATERNITY
(Alex: You have to identify the mother of each person we mention in the clue.)
OFFICIAL STATE FOOD & DRINK
JACK LONDON
"CAL" OF THE WILD
THE ASSASSINATION BUREAU
    $400 6
stalactites

Robin
    $400 7
Priscilla Presley

Robin
    $400 12
cranberry

Robin
    $400 17
Sinclair Lewis

Joe
    $400 25
calisthenics

Joe
    $400 1
Gerald Ford

Jeanne-Marie
    $800 22
the swallow

Joe
    $800 8
Anne Meara

Robin
    $800 13
key lime

Robin
    $800 18
(Joe: What is Call of the Wild?)

White Fang

JoeJeanne-Marie
    $800 27
caliber

Robin
    $800 2
(Joe: What is Parliament?)
(Alex: Be more specific.)

the House of Commons

Joe
    $1200 23
(Jeanne-Marie: What is sonar? What is [*]?)

echolocation

Jeanne-Marie
    $1200 9
Demi Moore

Robin
    $1200 14
watermelon

Robin
    $1200 19
The Sea Wolf

Triple Stumper
    $1200 28
(Robin: Who is Callisto?)

Calypso

RobinJoe
    $1200 3
Austria

Robin
    $1600 24
a reef

Robin
    $1600 10
Shirley Jones

Jeanne-Marie
    $1600 15
coffee

Jeanne-Marie
    $1600 20
Buck

Jeanne-Marie
    $2,000 29
Calais

Joe
    $1600 4
the Zapruder film

Jeanne-Marie
    $2000 26
(Alex: You give correct responses, but you look so unsure of yourself when you're giving them, but keep it going.)
(Jeanne-Marie: Ha! It's all a front.)

sulfuric acid

Jeanne-Marie
    $2000 11
Patty Duke

Robin
    $2,000 16
(Jeanne-Marie: What is Tennessee?)

Louisiana

Jeanne-Marie
    $2000 21
a fire

Joe
    $2000 5
Andrew Jackson

Joe

Scores at the end of the Double Jeopardy! Round:

Robin Joe Jeanne-Marie
$8,800 $14,800 $10,600

[wagering suggestions for these scores]

Final Jeopardy! Round responses

SPACE: 2007
(Robin: [Screams and jumps up and down] Yes! Oh!)
(Alex: And once again, Robin is--[Laughs]--I love a player who enjoys a win.)

[ZergCam]
RobinWhat is Phoenix?
$1,800
Jeanne-MarieWhat is Odyssey?
$6,400
JoeWhat is Jalopy?
$7,000
Phoenix

Final scores:

Robin Joe Jeanne-Marie
$10,600 $7,800 $4,200
2-day champion: $16,700 2nd place: $2,000 3rd place: $1,000

Game dynamics:

Coryat scores:

Robin Joe Jeanne-Marie
$8,800 $13,600 $12,600
15 R,
7 W
20 R
(including 2 DDs),
3 W
13 R,
2 W
(including 1 DD)

Combined Coryat: $35,000

The J! Archive is created by fans, for fans. The Jeopardy! game show and all elements thereof, including but not limited to copyright and trademark thereto, are the property of Jeopardy Productions, Inc. and are protected under law. This website is not affiliated with, sponsored by, or operated by Jeopardy Productions, Inc. Join the discussion at JBoard.tv.